Artificial Intelligence For Everyone/ (Record no. 212640)

MARC details
000 -LEADER
fixed length control field 00617nam a22002057a 4500
005 - DATE AND TIME OF LATEST TRANSACTION
control field 20250728110914.0
010 ## - LCCN (DPL NO)
LC control number ENG-146167
020 ## - INTERNATIONAL STANDARD BOOK NUMBER
International Standard Book Number 9789394107403
Terms of availability 320.00
035 ## - SYSTEM CONTROL NUMBER
System control number EN-129699
037 ## - SOURCE OF ACQUISITION
Source of stock number/acquisition DBAD
082 ## - DEWEY DECIMAL CLASSIFICATION NUMBER
Classification number 006.3
Edition number 1
100 ## - MAIN ENTRY--PERSONAL NAME
Personal name Sarkar, Shyam
245 ## - TITLE STATEMENT
Title Artificial Intelligence For Everyone/
Statement of responsibility, etc Shyam Sarkar
250 ## - EDITION STATEMENT
Edition statement 1
260 ## - PUBLICATION, DISTRIBUTION, ETC. (IMPRINT)
Place of publication, distribution, etc Kolkata
Name of publisher, distributor, etc Books & Allied (P) Ltd
Date of publication, distribution, etc 2025
270 ## - ADDRESS
Address 83/1, Dr. S.C. Banerjee Road, Beliaghata
City Kolkata
Postal code 700010
300 ## - PHYSICAL DESCRIPTION
Extent iv, 315p.
Dimensions 24cm(pb)
500 ## - GENERAL NOTE
General note An Undergraduate Q & A Guide
942 ## - ADDED ENTRY ELEMENTS (KOHA)
Source of classification or shelving scheme Dewey Decimal Classification
Item type English Books
Classification part 006.3
Call number suffix SAR
Edition 1
Holdings
Withdrawn status Lost status Not for loan Collection code Home library Current library Date acquired Source of acquisition Cost, normal purchase price Full call number Barcode Copy number Cost, replacement price Koha item type
      Non-fiction Central Jail Tihar Central Jail Tihar 21/07/2025 Delivery of Books Act Division 320.00 006.3 SAR EN-129699 1 320.00 English Books

© Delhi Public Library
Hit Counter
free hit counter